Statistics for Guess the Country From Disney Films

Click here to take the quiz!

General Stats

  • This quiz has been taken 88 times
  • The average score is 36 of 60

Answer Stats

FilmCountry% Correct
PinocchioItaly
83%
MulanChina
80%
Peter PanUnited Kingdom
78%
HerculesGreece
77%
Snow White and the Seven DwarfsGermany
75%
The Hunchback of Notre DameFrance
72%
Frozen 2Norway
72%
One Hundred and One DalmatiansUnited Kingdom
72%
PocahontasUnited States
72%
Big Hero 6United States / Japan
72%
Beauty and the BeastFrance
70%
FrozenNorway
70%
Lilo and StitchUnited States
70%
CinderellaFrance
69%
The Many Adventures of Winnie the PoohUnited Kingdom
69%
Robin HoodUnited Kingdom (Anthropomorphic)
69%
DumboUnited States
69%
ZootopiaUnited States (Anthropomorphic)
69%
Alice in WonderlandUnited Kingdom
67%
Lady and the TrampUnited States
67%
The Princess and The FrogUnited States
67%
Winnie the PoohUnited Kingdom
66%
Ralph Breaks the InternetUnited States
66%
Wreck-it RalphUnited States
66%
The Three CaballerosBrazil / Mexico / Ecuador / Uruguay
64%
BoltUnited States
64%
The Sword in The StoneUnited Kingdom
63%
Chicken LittleUnited States (Anthropomorphic)
63%
Brother BearUnited States
61%
The Rescuers Down UnderAustralia / United States
59%
The Lion KingEast-Central African Countries
59%
Sleeping BeautyFrance
59%
TangledGermany
59%
Treasure PlanetMontressor (English / American Elements)
59%
AladdinSaudi Arabia / Iraq / Iran
59%
Oliver and CompanyUnited States
59%
Meet the RobinsonsUnited States
59%
The Fox and The HoundUnited States
59%
DinosaurPangea / Prehistoric North American Countries
58%
The RescuersUnited States
58%
Home on the RangeUnited States
58%
MoanaPolynesian Countries
56%
The Great Mouse DetectiveUnited Kingdom
56%
The Adventures of Ichabod and Mr. ToadUnited States / United Kingdom
56%
EncantoColombia
55%
The Little MermaidDenmark
55%
The Jungle BookIndia
55%
The Black CauldronUnited Kingdom
55%
The AristocatsFrance
53%
Atlantis: The Lost EmpireUnited States / Iceland
50%
Make Mine MusicUnited States / Russia
48%
The Emperor's New GroovePeru
47%
Fantasia 2000United States / Denmark
47%
Saludos AmigosBrazil / Chile / Bolivia / Argentina
45%
Fun and Fancy FreeUnited States / United Kingdom
45%
Melody TimeUnited States / Brazil
42%
Raya and the Last DragonSoutheast Asian Countries
33%
FantasiaGreece / Romania / Germany / Italy
30%
TarzanWest-Central African Countries
27%
BambiAustria
14%

Score Distribution

Percentile by Number Answered

Percent of People with Each Score

Your Score History

You have not taken this quiz